header

Agrarian change in late antiquity (Record no. 221356)

MARC details
000 -LEADER
fixed length control field 01658nam a2200409Ia 4500
082 04 - DEWEY DECIMAL CLASSIFICATION NUMBER
Classification number 937
100 1# - MAIN ENTRY--AUTHOR NAME
Personal name Banaji, Jairus,
245 10 - TITLE STATEMENT
Title Agrarian change in late antiquity
260 ## - PUBLICATION, DISTRIBUTION, ETC. (IMPRINT)
Place of publication Oxford, [U.K.] ;
-- New York :
Name of publisher Oxford University Press,
Year of publication c2001.
300 ## - PHYSICAL DESCRIPTION
Number of Pages xvii, 286 p. :
Other physical details ill.
490 1# - SERIES STATEMENT
Series statement Oxford classical monographs
650 #0 - SUBJECT ADDED ENTRY--TOPICAL TERM
Topical Term Land tenure
Topical Term Land tenure
Topical Term Administration of estates
Topical Term Administration of estates
856 40 - ELECTRONIC LOCATION AND ACCESS
Uniform Resource Identifier http://site.ebrary.com/lib/rucke/Doc?id=10194214

No items available.

© 2026 Rongo University
Contact us: librarian | system librarian | Rongo university